Music Quiz

Random Music or Song Quiz

'70s Song Title Match-Up II Quiz Stats

 Plays Quiz Updated Jun 28, 2018

Score 0/24 Timer 04:00
6 Plays Today
% Correct
The Boys
97.9%
Stairway To
97.7%
Highway To
97.2%
How Deep Is
97.1%
We Are the
96.9%
God Save
96.8%
Don’t Stop ‘Til You
96.7%
Born to
96.1%
Walk On The
96.1%
The Long And
95.8%
Smoke On
95.6%
I Just Want To
95.5%
% Correct
More Than
95.3%
Life On
95.2%
No Woman,
94.9%
The Way
94.8%
Free
93.4%
Ain't No
92.7%
Ramblin'
90.4%
Hanging On
87.3%
Because The
83.7%
Tangled Up
81%
Hong Kong
76.9%
Brass
75.2%

You're not logged in!

Compare scores with friends on all Sporcle quizzes.
OR
Log In

Sporcle TV

Today on Sporcle TV


Watch our educational content, quiz creation guides, and fun videos on Sporcle TV.

Show Comments

Extras

Top Quizzes Today


Score Distribution

Your Account Isn't Verified!

In order to create a playlist on Sporcle, you need to verify the email address you used during registration. Go to your Sporcle Settings to finish the process.

Report this User

Report this user for behavior that violates our Community Guidelines.

Details: